Cartoon Characters by Drinking GIF Quiz Stats

Quiz Updated Sep 24, 2015

Challenge
Share
Tweet
Score 0/18 Timer 12:00
5 Plays Today
% Correct
Snoopy
98.8%
Mickey Mouse
98.1%
Homer Simpson
97.9%
Donald Duck
97.2%
SpongeBob SquarePants
96.8%
Tom and Jerry
96.5%
Tweety Bird
96.1%
Bugs Bunny and Daffy Duck
95.5%
Scooby-Doo
95.1%
% Correct
Marge Simpson
94.9%
Buzz Lightyear
94.4%
Martian Manhunter (shapeshifted into Bugs Bunny form)
94%
Pikachu
90.6%
Sylvester and Speedy Gonzales
85.3%
Bender Bending Rodriguez
81.4%
Felix the Cat
59.7%
Jake
47.6%
Mordecai and Rigby
26.6%

You're not logged in!

Compare scores with friends on all Sporcle quizzes.
Join for Free
OR
Log In

You Might Also Like...

Show Comments

Extras

Top Quizzes Today


Score Distribution

Your Account Isn't Verified!

In order to create a playlist on Sporcle, you need to verify the email address you used during registration. Go to your Sporcle Settings to finish the process.

Report this User

Report this user for behavior that violates our Community Guidelines.

Details: